000 00697nam a22002297a 4500
003 UA-OsUOA
001 47832
007 ta
008 20121010b un ||||| |||| 00| 0 ukr d
090 _a082
_bЗ-41
942 _cBK
040 _aUA-OsUOA
_bukr
_cUA-OsUOA
_dUA-OsUOA
245 _aЗбірник праць Науково-дослідного центру перодики
_bВип. 14
300 _a556 с.
955 _a1
041 _aukr
080 _a082
260 _aЛьвів
_c2006
650 7 _a08 Видання. Колективні праці
_2UDC
999 _c427932
_d427932